00386nam a22001577a 450000500170000000800410001702000220005804100080008008200150008810000130010324500370011625000110015326000270016430000170019165000200020820250701125127.0250701b |||||||| |||| 00| 0 eng d a978186230656qpbk aeng a823.92 RAI aRai Bali aSoccer Squad- Glory!c/ Bali Rai a1st ed aBritainbRed Foxc2009 a97p. :c22cm aEnglish Fiction